| 000 | 01752cam a2200409 a 4500 | ||
|---|---|---|---|
| 001 | 115868 | ||
| 005 | 20230410130528.0 | ||
| 008 | 071116s2008 mau b 001 0 eng | ||
| 035 | _a15083083 | ||
| 925 | 0 |
_aacquire _b2 shelf copies _xpolicy default |
|
| 942 |
_2lcc _cbk |
||
| 010 | _a 2007047583 | ||
| 015 |
_aGBA819755 _2bnb |
||
| 016 | 7 |
_a014524530 _2Uk |
|
| 020 | _a9780674027961 (hardcover : alk. paper) | ||
| 020 | _a0674027965 (hardcover : alk. paper) | ||
| 035 | _a(OCoLC)ocn179801049 | ||
| 035 | _a(OCoLC)179801049 | ||
| 040 |
_aDLC _cDLC _dBTCTA _dBAKER _dYDXCP _dUKM _dC#P _dDLC |
||
| 050 | 1 | 4 |
_aPN 145 _bH219h 2008 |
| 082 | 0 | 0 | _a808/.06692 |
| 100 | 1 | _aHamilton, Nigel. | |
| 245 | 1 | 0 |
_aHow to do biography : _ba primer / _cNigel Hamilton. |
| 260 |
_aCambridge : _bHarvard University Press, _c2008. |
||
| 300 |
_aviii, 379 p. ; _c19 cm. |
||
| 504 | _aIncludes bibliographical references (p. [362]-367) and index. | ||
| 505 | 0 | _aThe task of biography -- What is your agenda? -- Defining your audience -- Researching your subject -- The shape of a life -- The starting point -- Birthing your subject -- Childhood and youth -- Love stories -- Life's work -- The twilight years -- Ending your story -- Autobiography and memoirs -- Memoir -- Truth--and its consequences -- The afterlife. | |
| 650 | 0 | _aBiography as a literary form. | |
| 650 | 0 |
_aBiography _xResearch _xMethodology. |
|
| 650 | 0 |
_aAutobiography _xAuthorship. |
|
| 650 | 4 | _aBiografía como forma literaria. | |
| 650 | 4 |
_aBiografía _xInvestigación _xMetodología |
|
| 650 | 4 |
_aAutobiografía _xAutoría. |
|
| 650 | 4 | _aBiografía. | |
| 650 | 4 |
_aAutobiografía _xTécnicas. |
|
| 856 | 4 | 1 |
_3Table of contents only _uhttp://www.loc.gov/catdir/toc/ecip085/2007047583.html |
| 999 |
_c75615 _d75615 |
||